000
00326 a2200157 4500
001
188342
020
_a
978-85-7635-409-3
040
_c
Magnum
100
_a
Queiros, Bartolomeu Campos
240
1
0
_a
Anacleto
_l
por
245
1
0
_a
Anacleto
300
_a
30
362
0
_a
2008
697
_a
LITERATURA INFANTIL
942
_c
BK
999
_c
188342
_d
188342